000 00722nam a2200229 i 4500
005 20131008082427.0
008 760408s1976 nyua b 000 0 eng
020 _a067704710X
041 0 _aeng
080 _a005
100 1 _aPegels, C. Carl.
245 1 0 _aSystems analysis for production operations /
_cC. Carl Pegels.
260 _aNew York :
_bGordon and Breach Science Publishers,
_cc1976.
300 _axvi, 471 p. :
_bill. ;
_c24 cm.
440 0 _aStudies in operations research ;
_v3
490 _aStudies in operations research ;
_l3
504 _aBibliography: p. [466]-471.
650 0 _aMenaxhimi
_xModele matematike
650 0 _xProgramet e kompjuterit
650 0 _aAnaliza e sistemeve
942 _2udc
_cBK
999 _c50
_d50